01657cam a22003977a 4500003000500000005001700005008004100022010001000063011001000073035001000083040000900093090001000102100004200112245010200154260004100256300001100297502009900308590003700407590004100444590004100485590004100526590004100567590004100608590004200649650003700691650003700728650004100765901000700806905002400813942000900837949006200846949005200908999001700960952015200977952013001129CHAP20220329142720.0021211d2002 mx r 00110 spa d a86756 a87728 a98272 cCHAP aTesis00aTrujillo Meléndez, Oswaldo.911540910aEcuaciones diferenciales aplicadas a la ingeniería mecánicac/por Oswaldo Trujillo Meléndez aChapingo, Méx. :bEl autor,c2002. a242 h. aTesis (Ing. Mecánico Agrícola) -- UACH. Departamento de Ingeniería Mecánica Agrícola aALEPHb10c20130110lUCH01h1451 aBATCH-UPDb10c20130110lUCH01h0221 aBATCH-UPDb10c20130110lUCH01h0922 aBATCH-UPDb10c20130409lUCH01h2241 aBATCH-UPDb10c20130410lUCH01h1029 aBATCH-UPDb10c20130914lUCH01h0953 aCONVERSIONb10c20130109lUCH01h134814aCálculo de variaciones.92399214aEcuaciones diferenciales.93530614aTransformaciones de Laplace.9114622 aBK aMayto Villalobos S. cFOLL aTesisbBCcTESd33724000882981eTS2fc.2h39825i98272si aTesisbBCcTESd982721234eTS1h39824i98272sb c86756d86756 00102local4053708TESISaBCbBCcPA_TESISd2019-12-31fTESISl2oTesisp33724000882981r2023-06-20 00:00:00s2023-06-14tc.2w2019-12-31yTESIS 00102local4051708TESISaBCbBCcPA_TESISd2019-12-31fTESISl0oTesisp982721234r2019-12-31 00:00:00w2019-12-31yTESIS